[Event "American Cup Champ"]
[Site "Saint Louis USA"]
[Date "2024.03.16"]
[Round "2.4"]
[White "Caruana, Fabiano"]
[Black "Aronian, Levon"]
[Result "1/2-1/2"]
[WhiteTitle "GM"]
[BlackTitle "GM"]
[WhiteElo "2804"]
[BlackElo "2722"]
[WhiteFideId "2020009"]
[BlackFideId "13300474"]
[EventDate "2024.03.12"]
[EventType "k.o."]

1. d4 Nf6 2. c4 g6 3. Nc3 d5 4. Nf3 Bg7 5. h4 O-O 6. cxd5 Nxd5 7. h5 c5 8. hxg6
hxg6 9. Bh6 Nxc3 10. bxc3 Bxh6 11. Rxh6 Kg7 12. Qd2 cxd4 13. cxd4 Nd7 14. e4 Nf6
15. Rh4 Rh8 16. Rxh8 Qxh8 17. Qf4 Qd8 18. Bd3 Qa5+ 19. Ke2 Bg4 20. Rh1 Bh5 21.
Qd2 Qb6 22. e5 Bxf3+ 23. Kxf3 Ng8 24. Be4 Rd8 25. d5 f5 26. exf6+ Qxf6+ 27. Ke2
Qa6+ 28. Bd3 Qf6 29. Be4 Qa6+ 30. Bd3 Qf6 31. Be4 1/2-1/2

[Event "American Cup Champ"]
[Site "Saint Louis USA"]
[Date "2024.03.16"]
[Round "2.4"]
[White "So, Wesley"]
[Black "Robson, Ray"]
[Result "0-1"]
[WhiteTitle "GM"]
[BlackTitle "GM"]
[WhiteElo "2757"]
[BlackElo "2696"]
[WhiteFideId "5202213"]
[BlackFideId "2023970"]
[EventDate "2024.03.12"]
[EventType "k.o."]

1. e4 c5 2. Nf3 d6 3. Bc4 Nf6 4. d3 Nc6 5. O-O g6 6. h3 Bg7 7. a3 d5 8. exd5
Nxd5 9. Nbd2 O-O 10. Rb1 b6 11. Ne4 Nc7 12. Re1 Be6 13. Bxe6 Nxe6 14. b4 cxb4
15. axb4 b5 16. Bb2 Bxb2 17. Rxb2 a5 18. bxa5 Qxa5 19. h4 b4 20. Ned2 Qd5 21.
Nc4 Rad8 22. Qc1 Ned4 23. Nxd4 Qxd4 24. Re4 Qf6 25. Qg5 Qxg5 26. hxg5 Rd4 27.
Rxd4 Nxd4 28. Ne3 Rc8 29. f4 Rc3 30. Nd5 Rxc2 31. Rxb4 Ne2+ 32. Kh2 Kf8 33. Rb8+
Kg7 34. Nxe7 h6 35. gxh6+ Kxh6 36. Nd5 Rd2 37. Rh8+ Kg7 38. Rh3 Nc1 39. Nb4 Rb2
40. Na6 Ne2 41. Rf3 Rb5 42. g4 Ra5 43. Nc7 Ra4 44. f5 Rxg4 45. f6+ Kh6 46. Ne6
Rh4+ 47. Kg2 fxe6 48. f7 Rf4 49. f8=Q+ Rxf8 50. Rxf8 Kg7 51. Rf1 Nd4 52. Kg3
Nf5+ 53. Kf4 Kf6 54. Rg1 Nd6 55. Rg2 e5+ 56. Ke3 g5 57. Rf2+ Ke6 58. Rg2 Nf5+
59. Kf2 Kf6 60. Rg1 Nd6 61. Ke3 Kf5 62. Ra1 g4 63. Ra5 Ke6 64. Ra6 Kd5 65. Ra5+
Ke6 66. Ra8 Nf5+ 67. Kf2 Kd5 68. Rf8 Nd6 69. Ke3 Ke6 70. Rg8 Nf5+ 71. Kf2 g3+
72. Kf3 Kd5 73. Rg5 Nd6 74. Ke3 Ke6 75. Rg4 Kd5 76. Rg5 Ke6 0-1

[Event "American Cup Champ"]
[Site "Saint Louis USA"]
[Date "2024.03.16"]
[Round "2.5"]
[White "Caruana, Fabiano"]
[Black "Aronian, Levon"]
[Result "0-1"]
[WhiteTitle "GM"]
[BlackTitle "GM"]
[WhiteElo "2804"]
[BlackElo "2722"]
[WhiteFideId "2020009"]
[BlackFideId "13300474"]
[EventDate "2024.03.12"]
[EventType "k.o."]

1. e4 e5 2. Nf3 Nc6 3. Bc4 Bc5 4. c3 Nf6 5. d3 O-O 6. a4 d5 7. exd5 Nxd5 8. a5
Nf6 9. Nbd2 a6 10. O-O h6 11. h3 Re8 12. b4 Ba7 13. Qe2 Be6 14. Bxe6 Rxe6 15.
Ne4 Nd5 16. Bd2 f5 17. Nc5 Bxc5 18. bxc5 Qe7 19. c4 Nf6 20. Bc3 e4 21. Nd4 Nxd4
22. Bxd4 Rd8 23. Bxf6 Qxf6 24. dxe4 Rxe4 25. Qc2 Qc6 26. Rab1 Rdd4 27. Qb3 Rxc4
28. Qxb7 Qxb7 29. Rxb7 Rxc5 30. Rd1 Re7 31. Ra1 Kf7 32. h4 Kg6 33. g3 f4 34.
gxf4 Re4 35. Ra7 Rc6 36. Rd1 Rxf4 37. Rd7 Rf7 38. Rd3 Rf5 39. Ra3 Kh5 40. Rg3 g6
41. Ra8 Kxh4 42. Kg2 Rg5 43. Rb8 Rxg3+ 44. fxg3+ Kg5 45. Kf3 Rc5 46. Rb7 h5 47.
Ra7 Rxa5 48. Rxc7 Rf5+ 49. Kg2 a5 50. Rc6 Rb5 51. Rc8 Kf5 52. Rf8+ Ke4 53. Rf6
g5 54. Rh6 Kd3 55. Rxh5 a4 56. Kf3 g4+ 0-1

[Event "American Cup Champ"]
[Site "Saint Louis USA"]
[Date "2024.03.16"]
[Round "2.6"]
[White "Aronian, Levon"]
[Black "Caruana, Fabiano"]
[Result "1-0"]
[WhiteTitle "GM"]
[BlackTitle "GM"]
[WhiteElo "2722"]
[BlackElo "2804"]
[WhiteFideId "13300474"]
[BlackFideId "2020009"]
[EventDate "2024.03.12"]
[EventType "k.o."]

1. e4 c5 2. Nf3 d6 3. Bb5+ Nd7 4. O-O a6 5. Bd3 g6 6. c3 Bg7 7. Bc2 Ngf6 8. d4
O-O 9. e5 Ne8 10. Re1 dxe5 11. dxe5 Nc7 12. Bf4 Ne6 13. Bg3 b5 14. Nbd2 c4 15.
Qe2 Bb7 16. Ne4 h6 17. h4 Qb6 18. a4 Rad8 19. axb5 axb5 20. Rad1 Bc6 21. b3 cxb3
22. Bxb3 Ndc5 23. Nxc5 Nxc5 24. Qe3 Bxf3 25. gxf3 Qc6 26. Rxd8 Rxd8 27. Rd1
Rxd1+ 28. Bxd1 Na4 29. e6 f5 30. Qa7 Bf6 31. Qd7 Qa8 32. c4 Nc3 33. cxb5 h5 34.
b6 1-0

[Event "American Cup Champ"]
[Site "Saint Louis USA"]
[Date "2024.03.16"]
[Round "3.1"]
[White "Aronian, Levon"]
[Black "Robson, Ray"]
[Result "1-0"]
[WhiteTitle "GM"]
[BlackTitle "GM"]
[WhiteElo "2722"]
[BlackElo "2696"]
[WhiteFideId "13300474"]
[BlackFideId "2023970"]
[EventDate "2024.03.12"]
[EventType "k.o."]

1. e4 c5 2. Nf3 d6 3. d4 cxd4 4. Nxd4 Nf6 5. Nc3 a6 6. Bd3 g6 7. Be2 Bg7 8. Be3
Nc6 9. O-O O-O 10. a4 Bd7 11. Qd2 b5 12. axb5 Nxd4 13. Bxd4 Bxb5 14. Rfd1 Bxe2
15. Qxe2 a5 16. e5 dxe5 17. Bxe5 Qb6 18. Nb5 Rfc8 19. b3 Qb7 20. Ra4 Rc5 21. c4
Qe4 22. Qxe4 Nxe4 23. Bxg7 Kxg7 24. f3 Nf6 25. Rda1 Rd8 26. Rxa5 Rd3 27. R5a3
Nd5 28. Re1 Nf4 29. Re4 Rf5 30. b4 Rd2 31. Kf1 Rb2 32. Nd4 Rf6 33. Rb3 Rd2 34.
Rb1 e5 35. Ne2 Nd3 36. b5 Rd6 37. Nc3 Rf2+ 38. Kg1 Rc2 39. Nd5 Nc5 40. Ne3 Re2
41. Nf5+ 1-0

[Event "American Cup Champ"]
[Site "Saint Louis USA"]
[Date "2024.03.16"]
[Round "3.2"]
[White "Robson, Ray"]
[Black "Aronian, Levon"]
[Result "0-1"]
[WhiteTitle "GM"]
[BlackTitle "GM"]
[WhiteElo "2696"]
[BlackElo "2722"]
[WhiteFideId "2023970"]
[BlackFideId "13300474"]
[EventDate "2024.03.12"]
[EventType "k.o."]

1. d4 Nf6 2. c4 g6 3. Nc3 d5 4. cxd5 Nxd5 5. e4 Nxc3 6. bxc3 Bg7 7. Bc4 a6 8. h4
c5 9. Ne2 h5 10. O-O O-O 11. Be3 Nd7 12. Qd2 b5 13. Bd5 Rb8 14. dxc5 Qc7 15. Nd4
Ne5 16. Bf4 Qxc5 17. Bxe5 Bxe5 18. Nc6 Bxc3 19. Nxe7+ Qxe7 20. Qxc3 Bb7 21. Qg3
Bxd5 22. exd5 Rbd8 23. Rfd1 Rd6 24. a4 Rfd8 25. axb5 axb5 26. Qb3 Qb7 27. Rab1
Rxd5 28. Rxd5 Rxd5 29. Qb4 Qd7 30. Qb3 Rc5 31. Qb4 Qc7 32. Qe1 Qe5 33. Qd2 Rd5
34. Qc2 Qf5 35. Qxf5 Rxf5 36. Rc1 Kf8 37. Rc7 Ke8 38. f3 Kd8 39. Ra7 Kc8 40. Kf2
b4 41. Ke3 Rd5 42. Rxf7 b3 43. Rf4 Rb5 44. Rc4+ Kd7 45. Rc1 Ke6 46. Kd4 Kf5 47.
Rb1 Kf4 48. Kc4 Rb8 49. Rb2 Kg3 50. Kd4 Kxh4 51. Ke5 Kg3 52. Kf6 Rb6+ 53. Kg5 h4
54. f4 Rb5+ 55. Kxg6 Kxf4 56. Kf6 Rb6+ 57. Ke7 Ke3 58. Kd7 Kd3 59. Kc7 Rb4 60.
Kc6 Kc3 61. Rb1 b2 62. Kc5 Rg4 0-1

[Event "American Cup Champ"]
[Site "Saint Louis USA"]
[Date "2024.03.17"]
[Round "3.3"]
[White "Robson, Ray"]
[Black "Aronian, Levon"]
[Result "1/2-1/2"]
[WhiteTitle "GM"]
[BlackTitle "GM"]
[WhiteElo "2696"]
[BlackElo "2722"]
[WhiteFideId "2023970"]
[BlackFideId "13300474"]
[EventDate "2024.03.12"]
[EventType "k.o."]

1. d4 Nf6 2. c4 e6 3. Nc3 Bb4 4. e3 O-O 5. Bd3 c5 6. Ne2 cxd4 7. exd4 d5 8. cxd5
Nxd5 9. a3 Bd6 10. O-O Nc6 11. Re1 Qh4 12. g3 Qh5 13. Nxd5 exd5 14. Bf4 Rd8 15.
Qd2 Bf8 16. Bc7 Rd7 17. Ba5 Nxa5 18. Qxa5 Qg5 19. Nf4 Qd8 20. Qb5 g6 21. Bf1 a6
22. Qa4 Bh6 23. Nd3 Kf8 24. Bg2 Rd6 25. h4 Bf5 26. Nc5 Qb6 27. b4 Qc7 28. Qd1 b6
29. g4 Bd7 30. Nd3 Re8 31. Ne5 Bf4 32. Qf3 Bxe5 33. dxe5 Rc6 34. Qxd5 Rc2 35.
Qf3 Rxe5 36. Qf6 Re6 37. Rxe6 Bxe6 38. g5 Rc1+ 39. Rxc1 Qxc1+ 40. Kh2 Qc7+ 41.
f4 Qd6 42. Kg3 Qd1 43. Kh2 Qe1 44. Qd8+ Kg7 45. Qd4+ Kg8 46. Qd8+ Kg7 47. Qd4+
Kg8 48. f5 Bxf5 49. h5 Qe7 50. h6 Qc7+ 51. Kg1 Kf8 52. Qh8+ Ke7 53. Qf6+ Kf8 54.
Qh8+ Ke7 55. Qf6+ Kf8 56. Qh8+ 1/2-1/2

[Event "American Cup Champ"]
[Site "Saint Louis USA"]
[Date "2024.03.21"]
[Round "18.1"]
[White "Aronian, Levon"]
[Black "So, Wesley"]
[Result "1/2-1/2"]
[WhiteElo "2722"]
[BlackElo "2789"]
[EventDate "2024.03.12"]
[EventType "k.o."]

1. e4 e5 2. Nf3 Nc6 3. Bc4 Bc5 4. O-O Nf6 5. d3 O-O 6. Nbd2 d6 7. c3 a5 8.
Re1 Be6 9. Bb5 Qb8 10. Nf1 Qa7 11. Be3 Bxe3 12. Nxe3 Ne7 13. a4 Ng6 14. Bc4
Bxc4 15. Nxc4 Qa6 16. g3 Nxe4 17. Rxe4 d5 18. Rxe5 dxc4 19. Re3 cxd3 20.
Qxd3 Qxd3 21. Rxd3 Rfd8 22. Rad1 Rxd3 23. Rxd3 Nf8 24. Nd4 g6 25. Kf1 Ra6
26. Ke2 Rb6 27. b4 axb4 28. a5 Ra6 29. cxb4 c5 30. bxc5 Rxa5 31. c6 bxc6
32. Nxc6 Rc5 33. Nd4 Kg7 34. h4 h5 35. Nf3 Ne6 36. Nd4 Nxd4+ 37. Rxd4 Rc7
38. Rd3 Rc5 39. Rd4 Rc7 40. Rd3 Rc5 41. Rd4 1/2-1/2

[Event "American Cup Champ"]
[Site "Saint Louis USA"]
[Date "2024.03.21"]
[Round "19.1"]
[White "So, Wesley"]
[Black "Aronian, Levon"]
[Result "0-1"]
[WhiteElo "2789"]
[BlackElo "2722"]
[EventDate "2024.03.12"]
[EventType "k.o."]

1. d4 Nf6 2. c4 e6 3. Nc3 Bb4 4. Qc2 O-O 5. e4 c5 6. e5 cxd4 7. a3 Ba5 8.
exf6 dxc3 9. b4 Bc7 10. fxg7 Re8 11. Nf3 d5 12. Qxc3 e5 13. cxd5 e4 14. Nd4
Be5 15. Bb2 Nd7 16. Bb5 a6 17. Bxd7 Bxd7 18. O-O Qh4 19. g3 Qh3 20. f4 Bf6
21. Qe3 Bg4 22. Rf2 Rad8 23. Nb3 Rxd5 24. Re1 Bxb2 25. Rxb2 Qh6 26. Rd2 Qd6
27. Rxd5 Qxd5 28. Nd2 Bf5 29. Nf1 Bh3 30. Nd2 Re6 31. Rc1 Kxg7 32. Rc5 Qd3
33. Rg5+ Kf8 34. Qc5+ Rd6 35. Rh5 Qxd2 36. Rxh3 b6 0-1